000 00352 a2200145 4500
999 _c9256
_d9256
020 _a-----
050 0 0 _aKTL880
100 1 _aKerr, Alastair James.
245 1 4 _aThe law of lease,
_cby A. J. Kerr.
264 _aDurban:
_bButterworths,
_c1969
300 _axxv, 191 p.
500 _aincludes index
650 0 _aLeases
942 _2lcc
_cBK
_h880
_iKER
_kKTL